| 000 | 00450nam a2200169 a 4500 | ||
|---|---|---|---|
| 001 | 0334 | ||
| 005 | 20140414131910.0 | ||
| 008 | 040910s19uu xx 00 eng d | ||
| 020 | _a0-590-61643-9 | ||
| 050 |
_aER _bCl61 1995 |
||
| 245 | _aClifford's book about me by me (and clifford, too). | ||
| 260 |
_aNew York : _bScholastic, _c1995. |
||
| 300 | _a24 p. : ill. ; cm. | ||
| 440 | _aClifford's | ||
| 650 |
_aSelf _xFiction. |
||
| 999 |
_c111141 _d111141 |
||